La Enseñanza complementaria obrera / por Leonor Serrano
Descripción Física:
202 p. : il., [2] f. ; 20 cm
MARC
| LEADER | 00000nam a2200000Ia 4500 | ||
|---|---|---|---|
| 001 | 633 | ||
| 008 | 160829s1926 xx 000 0 cat d | ||
| 080 | |a E-1-171 | ||
| 100 | |a Serrano, Leonor |9 32401 | ||
| 245 | |a La Enseñanza complementaria obrera / por Leonor Serrano | ||
| 260 | |a Huesca : |b (Talleres Gráficos 'Editorial V. Campo'), |c 1926 | ||
| 300 | |a 202 p. : |b il., [2] f. ; |c 20 cm | ||
| 650 | 0 | |a Educació d'adults |9 31513 | |
| 650 | |a Ensenyament no reglat |9 32402 | ||
| 650 | |a Formació professional |9 38621 | ||
| 901 | |a Arxiu | ||
| 942 | |n 1 | ||
| 952 | |0 0 |1 0 |4 0 |6 E1171 |7 1 |9 45971 |a Arxiu |b Arxiu |d 2016-12-01 |l 0 |o E-1-171 |p 633 |r 2016-12-01 00:00:00 |w 2016-12-01 |y ARXIU | ||
| 999 | |c 49472 |d 49472 | ||